The diary of Anne Frank : (Record no. 359)

MARC details
000 -LEADER
fixed length control field 01444cam a2200409 a 4500
005 - DATE AND TIME OF LATEST TRANSACTION
control field 20260322212016.0
008 - FIXED-LENGTH DATA ELEMENTS--GENERAL INFORMATION
fixed length control field data
010 ## - LIBRARY OF CONGRESS CONTROL NUMBER
LC control number 88009678
020 ## - INTERNATIONAL STANDARD BOOK NUMBER
International Standard Book Number 0385240236 :
Terms of availability {dollar}25.00
020 ## - INTERNATIONAL STANDARD BOOK NUMBER
International Standard Book Number 9780385240239 :
Terms of availability {dollar}25.00
040 ## - CATALOGING SOURCE
Original cataloging agency DLC
Transcribing agency DLC
Modifying agency DLC
041 1# - LANGUAGE CODE
Language code of text/sound track or separate title engdut
043 ## - GEOGRAPHIC AREA CODE
Geographic area code e-ne---
050 00 - LIBRARY OF CONGRESS CALL NUMBER
Classification number DS135.N6
Item number F73313 1989
082 00 - DEWEY DECIMAL CLASSIFICATION NUMBER
Classification number B
-- B
Edition information 20
092 ## - LOCALLY ASSIGNED DEWEY CALL NUMBER (OCLC)
Classification number 840.53 F733 1989
001 - CONTROL NUMBER
control field data
240 10 - UNIFORM TITLE
Uniform title Achterhuis.
Language of a work English
245 04 - TITLE STATEMENT
Title The diary of Anne Frank :
Remainder of title the critical edition /
Statement of responsibility, etc. edited by Anne Frank ... [et al.].
250 ## - EDITION STATEMENT
Edition statement 1st ed.
260 ## - PUBLICATION, DISTRIBUTION, ETC.
Place of publication, distribution, etc. New York :
Name of publisher, distributor, etc. Doubleday,
Date of publication, distribution, etc. 1989.
300 ## - PHYSICAL DESCRIPTION
Extent xi, 719 p. :
Other physical details ill. ;
Dimensions 27 cm.
500 ## - GENERAL NOTE
General note Translation of: Achterhuis.
504 ## - BIBLIOGRAPHY, ETC. NOTE
Bibliography, etc. note Includes bibliographical references.
600 10 - SUBJECT ADDED ENTRY--PERSONAL NAME
Personal name Frank, Anne,
Dates associated with a name 1929-1945
General subdivision Diaries.
650 #0 - SUBJECT ADDED ENTRY--TOPICAL TERM
Topical term or geographic name entry element Holocaust, Jewish (1939-1945)
Geographic subdivision Amsterdam
-- Amsterdam
General subdivision Personal narratives.
650 #0 - SUBJECT ADDED ENTRY--TOPICAL TERM
Topical term or geographic name entry element Jews
General subdivision Persecutions
Geographic subdivision Amsterdam.
-- Amsterdam.
650 #0 - SUBJECT ADDED ENTRY--TOPICAL TERM
Topical term or geographic name entry element Jews
Geographic subdivision Amsterdam
-- Amsterdam
General subdivision Diaries.
651 #0 - SUBJECT ADDED ENTRY--GEOGRAPHIC NAME
Geographic name Amsterdam (Netherlands)
General subdivision Ethnic relations.
700 1# - ADDED ENTRY--PERSONAL NAME
Personal name Frank, Anne,
Dates associated with a name 1929-1945.
700 1# - ADDED ENTRY--PERSONAL NAME
Personal name Hardy, H. J. J.
700 1# - ADDED ENTRY--PERSONAL NAME
Personal name Barnouw, David.
700 1# - ADDED ENTRY--PERSONAL NAME
Personal name Stroom, Gerrold van der.
710 2# - ADDED ENTRY--CORPORATE NAME
Corporate name or jurisdiction name as entry element Rijksinstituut voor Oorlogsdocumentatie (Netherlands)
710 2# - ADDED ENTRY--CORPORATE NAME
Corporate name or jurisdiction name as entry element Netherlands.
Subordinate unit Gerechtelijk Laboratorium.
856 42 - ELECTRONIC LOCATION AND ACCESS
Materials specified Publisher description
Uniform Resource Identifier <a href="http://www.loc.gov/catdir/description/random0413/88009678.html">http://www.loc.gov/catdir/description/random0413/88009678.html</a>
Holdings
Withdrawn status Lost status Damaged status Not for loan Home library Current library Shelving location Date acquired Total checkouts Full call number Barcode Date last seen Price effective from Koha item type
        Centerville Centerville General stacks 22/03/2026   940.53/18/092 B 20 BC0010369 22/03/2026 22/03/2026 Books